000 00450nam a2200157Ia 4500
008 151213s9999 xx 000 0 und d
100 _aJames M. Henferson & Rechard E. Quandt
245 _aMicro Economics theory
_cJames M. Henferson & Rechard E. Quandt
250 _a3rd
260 _bMc.Graw Hill
_c1980
300 _a2181 p.
650 _aEconomics
650 _aEconomics
700 _aJames M. Henferson & Rechard E. Quandt
999 _c1594
_d1594